Тени в раю. Возвращение: романы; пер. с нем.

Библиографические подробности
Главный автор: Ремарк Э. М. Эрих Мария
Примечания:В книгу вошли антивоенные.романы немецкого писателя Э. М. Ремарка "Тени в раю" в переводе И. Горкиной и "Возвращение" в переводе Л. Черной и К. Котелкина.
Язык:русский
Опубликовано: Барнаул, Алтайское кн. изд-во, 1989
Предметы:
Формат: Книга
Запись в KOHA:https://koha.lib.tpu.ru/cgi-bin/koha/opac-detail.pl?biblionumber=347180

MARC

LEADER 00000nam0a2200000 4500
001 347180
005 20231102005953.0
035 |a (RuTPU)RU\TPU\book\379065 
090 |a 347180 
100 |a 20220304d1989 m y0rusy50 ca 
101 1 |a rus  |c ger 
102 |a RU 
105 |a y z 000ay 
200 1 |a Тени в раю. Возвращение  |e романы  |e пер. с нем.  |f Э. М. Ремарк 
210 |a Барнаул  |c Алтайское кн. изд-во  |d 1989 
215 |a 576 с. 
330 |a В книгу вошли антивоенные.романы немецкого писателя Э. М. Ремарка "Тени в раю" в переводе И. Горкиной и "Возвращение" в переводе Л. Черной и К. Котелкина. 
606 1 |a Немецкая литература  |2 stltpush  |3 (RuTPU)RU\TPU\subj\45368  |9 64612 
610 1 |a художественная литература 
610 1 |a романы 
610 1 |a проза 
675 |a 83  |v 4 
700 1 |a Ремарк  |b Э. М.  |c немецкий писатель  |f 1898-1970  |g Эрих Мария  |2 stltpush  |3 (RuTPU)RU\TPU\pers\1594  |9 686 
801 1 |a RU  |b 63413507  |c 20220304 
801 2 |a RU  |b 63413507  |c 20220324  |g RCR 
942 |c BK